Geordie Slang - Statistics

General Stats
  • This quiz has been taken 234 times
  • The average score is 9 of 14
Answer Stats
Hint Answer % Correct
aye indeed
96%
nee no
88%
toon local greeting area
83%
propa significantly
82%
scran geordie delicacy
81%
bonnie excellent
80%
bairn infant
75%
howay come hither
63%
divvin man please no sir
55%
yem private housing estate
52%
owa no longer present
51%
raj berzerk
50%
hinny the female type
36%
gaggie the male type
26%
No matching quizzes found
Score Distribution
Percent of People with Each Score
Percentile by Number Answered
Your Score History
You have not taken this quiz